00711nam a2200217Ia 4500003000900000008004100009020001800050040001600068080001800084100002200102245009900124260003000223300000900253650003300262650002700295650003400322650002100356942000700377999001500384952009400399IN-BaIIA211028s9999 xx 000 0 eng d a0-85274-284-3 cIIA Library a535.33bVAR-2 aVarsanyi, G98303 0aAssignments for vibrational spectra of seven hundred Benzene Derivatives,bvol. 2cG. Varsanyi aLondonbAdam Hilgerc1974 a668p a Benzene Deriatives 98304 a Spectroscopy 97837 a Vibrational Spectra 98305 aNASA Thesaurus  cBK c4687d4687 00104070aBANbBANcGENd1975-02-12l0o535.33/ VAR-2p5233r2021-11-05w1975-02-12yBK